<?xml version="1.0" encoding="UTF-8"?>
<record
    xmlns:xsi="http://www.w3.org/2001/XMLSchema-instance"
    xsi:schemaLocation="http://www.loc.gov/MARC21/slim http://www.loc.gov/standards/marcxml/schema/MARC21slim.xsd"
    xmlns="http://www.loc.gov/MARC21/slim">

  <leader>01289    a2200205   4500</leader>
  <controlfield tag="003">Nust</controlfield>
  <controlfield tag="005">20221011155003.0</controlfield>
  <datafield tag="010" ind1=" " ind2=" ">
    <subfield code="a">   85024467</subfield>
  </datafield>
  <datafield tag="020" ind1=" " ind2=" ">
    <subfield code="a">0394341228 :</subfield>
  </datafield>
  <datafield tag="040" ind1=" " ind2=" ">
    <subfield code="c">Nust</subfield>
  </datafield>
  <datafield tag="082" ind1="0" ind2="0">
    <subfield code="a">540,DAY</subfield>
  </datafield>
  <datafield tag="100" ind1="1" ind2=" ">
    <subfield code="a"> Day ,R A</subfield>
    <subfield code="9">99947</subfield>
  </datafield>
  <datafield tag="245" ind1="1" ind2="0">
    <subfield code="a">General chemistry</subfield>
    <subfield code="c"> R A Day and Ronald C Johnson</subfield>
  </datafield>
  <datafield tag="250" ind1=" " ind2=" ">
    <subfield code="a">1st ed.</subfield>
  </datafield>
  <datafield tag="260" ind1=" " ind2=" ">
    <subfield code="a">New York :</subfield>
    <subfield code="b">Random House,</subfield>
    <subfield code="c">c1986.</subfield>
  </datafield>
  <datafield tag="300" ind1=" " ind2=" ">
    <subfield code="a">xxvii, 1015 p., [20] p. of plates :</subfield>
    <subfield code="b">ill. (some col.) ;</subfield>
    <subfield code="c">26 cm.</subfield>
  </datafield>
  <datafield tag="505" ind1=" " ind2=" ">
    <subfield code="a">Atoms, Molecules And Simple Stoichiometry (Page-1), The Kinetic Molecular Theory And The Three States Of Matter (Page-33), Structure Of The Atom (Page-83), Electronic Structure Of The Atom (Page-111), The Chemical Bond (Page-143), Predicting Properties Of Molecules And Reactions (Page-175), Aqueous Solutions Of Ionic And Covalent Compounds (Page-205), Chemical Equilibrium (Page-249), Rates Of Chemical Reactions (Page-283), Equilibria In Aqueous Solutions (Page-323), Electrochemistry (Page-355), Nuclear Energy (Page-373), Theories Of Bonding (Page-393), The Chemistry Of Carbon Compounds (Page-415), Some Topics In Biochemistry (Page-445), Transition Metals (Page-481), Industrial And Environmental Chemistry (Page-513), Modern Methods Of Analysis (Page-541).</subfield>
  </datafield>
  <datafield tag="650" ind1=" " ind2="0">
    <subfield code="a">Chemistry.</subfield>
  </datafield>
  <datafield tag="942" ind1=" " ind2=" ">
    <subfield code="2">ddc</subfield>
    <subfield code="c">BK</subfield>
  </datafield>
  <datafield tag="999" ind1=" " ind2=" ">
    <subfield code="c">183978</subfield>
    <subfield code="d">183978</subfield>
  </datafield>
  <datafield tag="952" ind1=" " ind2=" ">
    <subfield code="0">0</subfield>
    <subfield code="1">0</subfield>
    <subfield code="2">ddc</subfield>
    <subfield code="4">0</subfield>
    <subfield code="7">0</subfield>
    <subfield code="a">MCS</subfield>
    <subfield code="b">MCS</subfield>
    <subfield code="c">GEN</subfield>
    <subfield code="d">2016-12-12</subfield>
    <subfield code="o">540,DAY</subfield>
    <subfield code="p">MCS6497</subfield>
    <subfield code="r">2016-12-08</subfield>
    <subfield code="w">2016-12-12</subfield>
    <subfield code="y">BK</subfield>
    <subfield code="z">Almirah No.25, Shelf No.1</subfield>
  </datafield>
</record>
